000 00649nam a22001937a 4500
003 OSt
005 20240716090018.0
008 240716b |||||||| |||| 00| 0 eng d
020 _a978-971-9654-39-1
040 _aDWC- Main Lib
_cOC
082 _aFil. 658.562 S487t 2016
100 _aSerrano, Angelita Ong Camilar
245 _aTotal quality management/
_cAngelita Ong Camilar Serrano.
260 _aManila, Philippines :
_bUnlimited Books Library Services & Publishing Inc.,
_cc2016.
300 _ax, 252 pages :
_billustrations ;
_c26cm.
504 _aIncludes bibliography.
650 _a1. Total quality management
942 _2ddc
_cBK - FIL
_n1
999 _c2283
_d2283